02019nam a2200373Ii 4500001001200000003000800012006001900020007001500039008004100054020001500095020001800110035002100128040002600149041001300175050002000188100003800208240004700246245011800293264003900411300003400450336002600484337002600510338003600536490003800572500005400610504007700664520065400741546002301395650004101418655002201459700002901481830006401510856007101574DIGBIN01529NyNyDIGm o d cr |||||||||||100625s2005 sp ob 000 0 spa d z8497422244 z9788497422246 a(OCoLC)888256358 aDGITAbengepncDGITA1 aspahlat14aBV4509.L2 eBook1 aSavonarola, Girolamo,d1452-1498.10aDe simplicitate Christianae vitaelSpanish13aLa simplicidad de la vida cristiana /cGirolamo Savonarola ; traducción y edición de Juan Manuel Forte Monge. 1aMadrid :bBiblioteca Nueva,c2005. a1 online resource (182 pages) atextbtxt2rdacontent acomputerbc2rdamedia aonline resourcebcr2rdacarrier1 aClásicos del pensamiento ;v29. aTranslation of: De simplicitate Christianae vitae aIncludes bibliographical references (p. 51-58) and chronology (p. 59-66) a"Nuestra traducción La simplicidad de la vida cristiana se ha realizado a partir de la edición nacional de las obras de Savonarola revisada por P. G. Ricci: G. Savonarola, De simplicitate christianae vitae, a cargo de Pier Giorgio Ricci, Angelo Belardetti, Roma, 1959. Hemos tenido también en cuenta la traducción al italiano llevada a cabo por Girolamo Benivieni, con la aprobación del mismo Savonarola (publicada en el mismo volumen que el texto latino). Nos hemos servido de algunas traducciones modernas del texto al italiano (citadas en la Bibliografía) para introducir algunas notas y para señalar citaciones bíblicas". (p.67) aSpanish from Latin 0aChristian lifevEarly works to 1800. 0aElectronic books.1 aForte Monge, Juan Manuel 0aClásicos del pensamiento (Biblioteca Nueva (Firm)) ;v29.403Digitalia Hispánicauhttps://www.digitaliapublishing.com/a/5047/